[Event "U14 Polish Youth Championship"]
[Site "chess24.com"]
[Date "2018.05.03"]
[Round "6"]
[White "Czopor, Maciej"]
[Black "Baum, Jonasz"]
[Result "1-0"]
[Board "1"]
[WhiteElo "2153"]
[WhiteCountry "POL"]
[WhiteFideId "21805431"]
[WhiteEloChange "9"]
[BlackElo "2121"]
[BlackCountry "POL"]
[BlackFideId "1195360"]
[BlackEloChange "-9"]

1. e4 {[%clk 1:30:57]} c5 {[%clk 1:30:57]} 2. Nf3 {[%clk 1:31:21]} d6 {[%clk
1:31:23]} 3. d4 {[%clk 1:31:44]} cxd4 {[%clk 1:31:49]} 4. Nxd4 {[%clk 1:32:07]}
Nf6 {[%clk 1:32:15]} 5. Nc3 {[%clk 1:32:29]} a6 {[%clk 1:32:40]} 6. Be3 {[%clk
1:32:44]} e6 {[%clk 1:33:01]} 7. Be2 {[%clk 1:30:15]} Nbd7 {[%clk 1:31:09]} 8. f4
{[%clk 1:26:07]} Qc7 {[%clk 1:22:41]} 9. a4 {[%clk 1:17:33]} Be7 {[%clk 1:15:40]}
10. O-O {[%clk 1:16:00]} O-O {[%clk 1:13:52]} 11. g4 {[%clk 1:00:04]} Nb6 {[%clk
1:05:21]} 12. g5 {[%clk 0:59:49]} Nfd7 {[%clk 1:03:54]} 13. a5 {[%clk 0:50:08]}
Nc4 {[%clk 1:03:39]} 14. Bxc4 {[%clk 0:50:32]} Qxc4 {[%clk 1:04:04]} 15. f5
{[%clk 0:50:36]} Ne5 {[%clk 1:03:11]} 16. f6 {[%clk 0:49:57]} Bd8 {[%clk
1:02:56]} 17. fxg7 {[%clk 0:43:27]} Kxg7 {[%clk 0:56:42]} 18. Qh5 {[%clk
0:43:16]} Qc7 {[%clk 0:48:53]} 19. Qh6+ {[%clk 0:36:31]} Kg8 {[%clk 0:49:11]} 20.
Rf4 {[%clk 0:29:31]} Qe7 {[%clk 0:47:06]} 21. Kh1 {[%clk 0:27:34]} f6 {[%clk
0:35:17]} 22. Rg1 {[%clk 0:23:21]} Ng6 {[%clk 0:33:52]} 23. gxf6 {[%clk 0:19:48]}
Rxf6 {[%clk 0:34:11]} 24. Nf5 {[%clk 0:19:26]} Qf8 {[%clk 0:28:43]} 25. Qh5
{[%clk 0:13:25]} exf5 {[%clk 0:27:11]} 26. Nd5 {[%clk 0:12:36]} Kh8 {[%clk
0:10:02]} 27. Nxf6 {[%clk 0:12:00]} Qxf6 {[%clk 0:09:57]} 28. exf5 {[%clk
0:11:43]} Bd7 {[%clk 0:07:07]} 29. Rxg6 {[%clk 0:11:39]} Bc6+ {[%clk 0:04:46]}
30. Kg1 {[%clk 0:12:01]} Be8 {[%clk 0:03:25]} 31. Bd4 {[%clk 0:12:02]} Qxd4+
{[%clk 0:02:47]} 32. Rxd4 {[%clk 0:11:51]} Bf6 {[%clk 0:02:37]} 33. Rh4 {[%clk
0:10:59]} Bxh4 {[%clk 0:02:13]} 34. Qxh4 {[%clk 0:11:23]} Bxg6 {[%clk 0:02:15]}
35. fxg6 {[%clk 0:11:48]} 1-0

[Event "U14 Polish Youth Championship"]
[Site "chess24.com"]
[Date "2018.05.03"]
[Round "6"]
[White "Oglaza, Oskar"]
[Black "Wysocki, Mateusz"]
[Result "1-0"]
[Board "2"]
[WhiteElo "2237"]
[WhiteCountry "POL"]
[WhiteFideId "1194402"]
[WhiteEloChange "2"]
[BlackElo "1626"]
[BlackCountry "POL"]
[BlackFideId "21810621"]
[BlackEloChange "-2"]

1. d4 {[%clk 1:30:52]} Nf6 {[%clk 1:30:38]} 2. c4 {[%clk 1:31:17]} g6 {[%clk
1:31:05]} 3. Nc3 {[%clk 1:31:42]} Bg7 {[%clk 1:31:31]} 4. e4 {[%clk 1:32:08]} d6
{[%clk 1:31:56]} 5. Nf3 {[%clk 1:32:25]} O-O {[%clk 1:32:20]} 6. h3 {[%clk
1:32:45]} e5 {[%clk 1:31:20]} 7. d5 {[%clk 1:33:01]} a5 {[%clk 1:30:11]} 8. g4
{[%clk 1:32:44]} Na6 {[%clk 1:30:02]} 9. Be3 {[%clk 1:33:04]} Nd7 {[%clk
1:26:32]} 10. a3 {[%clk 1:32:56]} Nac5 {[%clk 1:25:19]} 11. b4 {[%clk 1:29:32]}
axb4 {[%clk 1:25:15]} 12. axb4 {[%clk 1:29:56]} Rxa1 {[%clk 1:24:56]} 13. Qxa1
{[%clk 1:30:22]} Na6 {[%clk 1:24:18]} 14. Qb1 {[%clk 1:30:35]} c5 {[%clk
1:10:02]} 15. b5 {[%clk 1:15:08]} Nb4 {[%clk 1:06:54]} 16. Rg1 {[%clk 1:14:50]}
Qa5 {[%clk 0:57:47]} 17. Nd2 {[%clk 1:13:38]} Nb6 {[%clk 0:50:54]} 18. Nb3 {[%clk
1:13:23]} Qa3 {[%clk 0:48:41]} 19. Kd2 {[%clk 1:11:42]} Na4 {[%clk 0:34:01]} 20.
Nxa4 {[%clk 1:07:47]} Qxa4 {[%clk 0:34:19]} 21. Be2 {[%clk 1:07:57]} b6 {[%clk
0:30:09]} 22. Qb2 {[%clk 1:06:33]} Qa7 {[%clk 0:28:28]} 23. h4 {[%clk 1:06:36]}
Bd7 {[%clk 0:26:59]} 24. Ra1 {[%clk 1:04:46]} Qb7 {[%clk 0:27:08]} 25. Qa3 {[%clk
1:04:55]} f5 {[%clk 0:25:51]} 26. Qa7 {[%clk 0:56:50]} Qxa7 {[%clk 0:12:27]} 27.
Rxa7 {[%clk 0:57:01]} Bxb5 {[%clk 0:10:50]} 28. Bg5 {[%clk 0:50:54]} Be8 {[%clk
0:07:20]} 29. gxf5 {[%clk 0:51:17]} gxf5 {[%clk 0:07:46]} 30. exf5 {[%clk
0:51:40]} h6 {[%clk 0:06:20]} 31. f6 {[%clk 0:51:55]} Bh8 {[%clk 0:04:59]} 32.
Bxh6 {[%clk 0:49:49]} Rxf6 {[%clk 0:05:21]} 33. Bg5 {[%clk 0:50:13]} Rf8 {[%clk
0:05:38]} 34. Bg4 {[%clk 0:49:58]} Bg7 {[%clk 0:04:21]} 35. f3 {[%clk 0:36:14]}
b5 {[%clk 0:01:50]} 36. Na5 {[%clk 0:36:07]} e4 {[%clk 0:01:18]} 37. f4 {[%clk
0:31:58]} Bd4 {[%clk 0:00:37]} 38. f5 {[%clk 0:31:04]} bxc4 {[%clk 0:00:34]} 39.
Nxc4 {[%clk 0:30:56]} Nxd5 {[%clk 0:00:52]} 40. f6 {[%clk 0:15:39]} Nxf6 {[%clk
0:00:36]} 41. Be6+ {[%clk 0:16:04]} Bf7 {[%clk 0:00:59]} 42. Rxf7 {[%clk
0:16:11]} Rxf7 {[%clk 0:01:14]} 43. Nxd6 {[%clk 0:16:29]} e3+ {[%clk 0:00:33]}
44. Bxe3 {[%clk 0:13:04]} Kg7 {[%clk 0:00:34]} 45. Bxd4 {[%clk 0:12:06]} cxd4
{[%clk 0:00:39]} 46. Bxf7 {[%clk 0:12:15]} Nd7 {[%clk 0:00:36]} 47. Be8 {[%clk
0:11:08]} Nf6 {[%clk 0:00:32]} 48. Nf5+ {[%clk 0:11:27]} Kh7 {[%clk 0:00:34]} 49.
Bf7 {[%clk 0:11:47]} Ng4 {[%clk 0:00:35]} 50. Nxd4 {[%clk 0:11:54]} Nh6 {[%clk
0:00:43]} 51. Bh5 {[%clk 0:12:10]} Kg7 {[%clk 0:01:15]} 52. Ke3 {[%clk 0:12:34]}
Kf6 {[%clk 0:01:39]} 53. Kf4 {[%clk 0:12:50]} Kg7 {[%clk 0:01:32]} 54. Kg5 {[%clk
0:13:08]} Ng8 {[%clk 0:01:47]} 55. Ne6+ {[%clk 0:13:34]} Kh8 {[%clk 0:02:09]} 56.
Bf7 {[%clk 0:13:50]} Nh6 {[%clk 0:02:28]} 57. Nd8 {[%clk 0:13:12]} Kg7 {[%clk
0:02:49]} 58. Bd5 {[%clk 0:13:37]} Kh8 {[%clk 0:03:09]} 59. h5 {[%clk 0:13:46]}
1-0

[Event "U14 Polish Youth Championship"]
[Site "chess24.com"]
[Date "2018.05.03"]
[Round "6"]
[White "Gorkiewicz, Mateusz"]
[Black "Fiedorek, Michal"]
[Result "1/2-1/2"]
[Board "3"]
[WhiteElo "1854"]
[WhiteCountry "POL"]
[WhiteFideId "21807299"]
[WhiteEloChange "6"]
[BlackElo "2081"]
[BlackCountry "POL"]
[BlackFideId "1199528"]
[BlackEloChange "-6"]

1. e4 {[%clk 1:30:57]} c5 {[%clk 1:30:50]} 2. Nf3 {[%clk 1:31:19]} d6 {[%clk
1:31:08]} 3. d4 {[%clk 1:31:43]} cxd4 {[%clk 1:31:33]} 4. Nxd4 {[%clk 1:32:08]}
Nf6 {[%clk 1:31:46]} 5. Nc3 {[%clk 1:32:31]} Nc6 {[%clk 1:32:05]} 6. Be2 {[%clk
1:32:51]} e5 {[%clk 1:32:24]} 7. Nxc6 {[%clk 1:33:10]} bxc6 {[%clk 1:32:46]} 8.
Qd3 {[%clk 1:33:33]} Be7 {[%clk 1:31:53]} 9. Qg3 {[%clk 1:33:53]} O-O {[%clk
1:31:26]} 10. O-O {[%clk 1:34:14]} Ne8 {[%clk 1:27:09]} 11. f4 {[%clk 1:33:38]}
Bh4 {[%clk 1:19:02]} 12. Qd3 {[%clk 1:29:13]} Bf6 {[%clk 1:18:24]} 13. Kh1 {[%clk
1:25:43]} Bb7 {[%clk 1:06:58]} 14. Be3 {[%clk 1:21:15]} exf4 {[%clk 1:03:47]} 15.
Bxf4 {[%clk 1:21:23]} Qe7 {[%clk 1:03:29]} 16. Bf3 {[%clk 1:15:49]} Be5 {[%clk
1:00:53]} 17. Bxe5 {[%clk 1:12:39]} Qxe5 {[%clk 1:01:09]} 18. Nd1 {[%clk
1:07:22]} Rd8 {[%clk 0:45:36]} 19. Ne3 {[%clk 1:04:57]} Nf6 {[%clk 0:41:04]} 20.
Rfe1 {[%clk 0:54:28]} Rfe8 {[%clk 0:36:56]} 21. Nc4 {[%clk 0:53:06]} Qe6 {[%clk
0:35:46]} 22. Na5 {[%clk 0:48:58]} Ba8 {[%clk 0:33:31]} 23. Re2 {[%clk 0:40:38]}
Nd7 {[%clk 0:27:42]} 24. Nb3 {[%clk 0:33:33]} Ne5 {[%clk 0:26:08]} 25. Qc3 {[%clk
0:33:17]} Qc4 {[%clk 0:23:53]} 26. Re3 {[%clk 0:29:40]} c5 {[%clk 0:18:55]} 27.
Nd2 {[%clk 0:26:53]} Qxc3 {[%clk 0:18:44]} 28. Rxc3 {[%clk 0:27:12]} Nc6 {[%clk
0:16:43]} 29. Kg1 {[%clk 0:21:24]} Nd4 {[%clk 0:16:02]} 30. Kf2 {[%clk 0:21:22]}
f6 {[%clk 0:15:17]} 31. Re1 {[%clk 0:20:43]} Kf7 {[%clk 0:14:42]} 32. Nb3 {[%clk
0:19:36]} Nxb3 {[%clk 0:13:32]} 33. Rxb3 {[%clk 0:20:00]} Re5 {[%clk 0:13:18]}
34. Ra3 {[%clk 0:19:13]} Rd7 {[%clk 0:12:57]} 35. Ra6 {[%clk 0:18:49]} h5 {[%clk
0:06:01]} 36. Re3 {[%clk 0:17:36]} g6 {[%clk 0:05:18]} 37. Rea3 {[%clk 0:14:08]}
Ree7 {[%clk 0:05:03]} 1/2-1/2

[Event "U14 Polish Youth Championship"]
[Site "chess24.com"]
[Date "2018.05.03"]
[Round "6"]
[White "Czernek, Tymon"]
[Black "Turski, Bartlomiej"]
[Result "1/2-1/2"]
[Board "4"]
[WhiteElo "2057"]
[WhiteCountry "POL"]
[WhiteFideId "1199510"]
[WhiteEloChange "-6"]
[BlackElo "1830"]
[BlackCountry "POL"]
[BlackFideId "21810567"]
[BlackEloChange "6"]

1. g3 {[%clk 1:30:05]} g6 {[%clk 1:30:31]} 2. Bg2 {[%clk 1:30:30]} Bg7 {[%clk
1:30:49]} 3. e4 {[%clk 1:30:39]} c5 {[%clk 1:30:48]} 4. Ne2 {[%clk 1:30:51]} Nc6
{[%clk 1:30:49]} 5. c3 {[%clk 1:31:12]} e6 {[%clk 1:22:24]} 6. O-O {[%clk
1:26:59]} d5 {[%clk 1:18:44]} 7. exd5 {[%clk 1:23:34]} exd5 {[%clk 1:18:48]} 8.
d4 {[%clk 1:23:59]} cxd4 {[%clk 1:18:36]} 9. Nxd4 {[%clk 1:23:47]} Nxd4 {[%clk
1:18:24]} 10. cxd4 {[%clk 1:24:11]} Be6 {[%clk 1:17:17]} 11. Nc3 {[%clk 1:23:36]}
Qd7 {[%clk 1:09:07]} 12. Bg5 {[%clk 1:20:19]} h6 {[%clk 1:07:17]} 13. Bf4 {[%clk
1:18:08]} Ne7 {[%clk 1:05:58]} 14. Rc1 {[%clk 1:11:50]} Rc8 {[%clk 1:03:45]} 15.
Qb3 {[%clk 1:03:47]} O-O {[%clk 1:00:59]} 16. Nb5 {[%clk 0:59:39]} Nc6 {[%clk
0:56:38]} 17. Rcd1 {[%clk 0:53:59]} a6 {[%clk 0:52:05]} 18. Nd6 {[%clk 0:52:01]}
Nxd4 {[%clk 0:48:12]} 19. Rxd4 {[%clk 0:51:59]} Bxd4 {[%clk 0:48:34]} 20. Nxc8
{[%clk 0:52:20]} Rxc8 {[%clk 0:48:27]} 21. Bxh6 {[%clk 0:51:55]} Qb5 {[%clk
0:40:58]} 22. Rd1 {[%clk 0:46:25]} Bxb2 {[%clk 0:34:00]} 23. Bxd5 {[%clk
0:36:05]} Qxb3 {[%clk 0:31:00]} 24. Bxb3 {[%clk 0:36:26]} Bxb3 {[%clk 0:31:08]}
25. axb3 {[%clk 0:36:52]} Bf6 {[%clk 0:29:34]} 26. Be3 {[%clk 0:36:24]} Rc3
{[%clk 0:28:04]} 27. b4 {[%clk 0:36:16]} Rb3 {[%clk 0:26:46]} 28. Bc5 {[%clk
0:35:50]} b6 {[%clk 0:24:05]} 29. Bxb6 {[%clk 0:36:10]} Rxb4 {[%clk 0:24:10]} 30.
Be3 {[%clk 0:36:17]} a5 {[%clk 0:23:19]} 31. Rd6 {[%clk 0:36:39]} Be5 {[%clk
0:19:46]} 32. Rd5 {[%clk 0:35:33]} Bc3 {[%clk 0:19:05]} 33. Kg2 {[%clk 0:34:55]}
a4 {[%clk 0:18:22]} 34. Ra5 {[%clk 0:33:45]} Bb2 {[%clk 0:14:35]} 35. h4 {[%clk
0:33:05]} Rc4 {[%clk 0:14:11]} 36. h5 {[%clk 0:29:26]} gxh5 {[%clk 0:13:55]} 37.
Rxh5 {[%clk 0:29:51]} a3 {[%clk 0:13:46]} 38. Ra5 {[%clk 0:30:11]} Kg7 {[%clk
0:12:15]} 39. Kf3 {[%clk 0:29:46]} 1/2-1/2

[Event "U14 Polish Youth Championship"]
[Site "chess24.com"]
[Date "2018.05.03"]
[Round "6"]
[White "Paprocki, Stanislaw"]
[Black "Dzida, Kamil"]
[Result "1-0"]
[Board "5"]
[WhiteElo "1748"]
[WhiteCountry "POL"]
[WhiteFideId "21817294"]
[WhiteEloChange "15"]
[BlackElo "1938"]
[BlackCountry "POL"]
[BlackFideId "21828652"]
[BlackEloChange "-15"]

1. e4 {[%clk 1:30:30]} c5 {[%clk 1:30:54]} 2. Nf3 {[%clk 1:30:44]} d6 {[%clk
1:31:19]} 3. d4 {[%clk 1:30:48]} cxd4 {[%clk 1:31:44]} 4. Nxd4 {[%clk 1:30:46]}
Nf6 {[%clk 1:32:09]} 5. Nc3 {[%clk 1:30:45]} a6 {[%clk 1:32:33]} 6. Be2 {[%clk
1:30:39]} e5 {[%clk 1:32:58]} 7. Nb3 {[%clk 1:30:32]} Be7 {[%clk 1:33:23]} 8. O-O
{[%clk 1:30:42]} O-O {[%clk 1:33:43]} 9. Be3 {[%clk 1:30:30]} Be6 {[%clk
1:33:06]} 10. Qd3 {[%clk 1:23:32]} Nbd7 {[%clk 1:30:50]} 11. Nd5 {[%clk 1:23:31]}
Bxd5 {[%clk 1:29:25]} 12. exd5 {[%clk 1:23:40]} Qc7 {[%clk 1:27:55]} 13. c4
{[%clk 1:21:54]} b6 {[%clk 1:25:38]} 14. Nd2 {[%clk 1:19:52]} Nc5 {[%clk
1:21:20]} 15. Qc2 {[%clk 1:19:04]} Nb7 {[%clk 1:20:25]} 16. Rfc1 {[%clk 1:15:44]}
Rfc8 {[%clk 1:20:45]} 17. Qd3 {[%clk 1:14:40]} g6 {[%clk 1:16:54]} 18. a3 {[%clk
1:10:00]} Nd7 {[%clk 1:16:16]} 19. b4 {[%clk 1:09:12]} f5 {[%clk 1:16:25]} 20. f3
{[%clk 1:00:38]} Bf6 {[%clk 1:15:15]} 21. Qb3 {[%clk 0:59:38]} Kg7 {[%clk
1:10:47]} 22. Nf1 {[%clk 0:51:51]} h5 {[%clk 0:57:11]} 23. Rab1 {[%clk 0:44:28]}
h4 {[%clk 0:50:30]} 24. Bd2 {[%clk 0:44:00]} a5 {[%clk 0:42:45]} 25. Qe3 {[%clk
0:38:45]} Kf7 {[%clk 0:42:11]} 26. Qb3 {[%clk 0:39:00]} axb4 {[%clk 0:41:23]} 27.
axb4 {[%clk 0:39:19]} Ra7 {[%clk 0:40:59]} 28. Ra1 {[%clk 0:39:18]} Rca8 {[%clk
0:41:08]} 29. Rxa7 {[%clk 0:39:09]} Rxa7 {[%clk 0:41:33]} 30. Be3 {[%clk
0:39:13]} Qd8 {[%clk 0:33:16]} 31. Nd2 {[%clk 0:36:46]} Qa8 {[%clk 0:30:32]} 32.
Nb1 {[%clk 0:35:51]} Ra1 {[%clk 0:23:29]} 33. Kf1 {[%clk 0:14:58]} f4 {[%clk
0:17:36]} 34. Bf2 {[%clk 0:14:35]} h3 {[%clk 0:16:45]} 35. gxh3 {[%clk 0:13:49]}
Qh8 {[%clk 0:14:44]} 36. Kg2 {[%clk 0:13:25]} Qh5 {[%clk 0:12:49]} 37. Bd3 {[%clk
0:11:18]} Ra8 {[%clk 0:12:52]} 38. Be4 {[%clk 0:04:47]} Rh8 {[%clk 0:12:49]} 39.
Kf1 {[%clk 0:01:34]} Qxh3+ {[%clk 0:13:14]} 40. Ke2 {[%clk 0:01:34]} Bh4 {[%clk
0:13:10]} 41. Rf1 {[%clk 0:00:42]} Qxh2 {[%clk 0:12:45]} 42. Qa4 {[%clk 0:00:41]}
Ke7 {[%clk 0:02:05]} 43. Qa7 {[%clk 0:00:10]} Nd8 {[%clk 0:00:40]} 44. c5 bxc5
{[%clk 0:00:31]} 45. bxc5 dxc5 {[%clk 0:00:31]} 46. d6+ Kxd6 {[%clk 0:00:31]} 47.
Rd1+ {[%clk 0:00:11]} Ke6 {[%clk 0:00:23]} 48. Qxd7+ {[%clk 0:00:25]} Kf6 {[%clk
0:00:23]} 49. Rd6+ {[%clk 0:00:28]} Kg5 {[%clk 0:00:48]} 50. Qg4+ {[%clk
0:00:47]} 1-0

[Event "U14 Polish Youth Championship"]
[Site "chess24.com"]
[Date "2018.05.03"]
[Round "6"]
[White "Luczak, Filip"]
[Black "Skurniak, Szymon"]
[Result "1-0"]
[Board "6"]
[WhiteElo "2126"]
[WhiteTitle "CM"]
[WhiteCountry "POL"]
[WhiteFideId "1193686"]
[WhiteEloChange "3"]
[BlackElo "1821"]
[BlackCountry "POL"]
[BlackFideId "21805571"]
[BlackEloChange "-3"]

1. e4 {[%clk 1:30:58]} c5 {[%clk 1:30:51]} 2. Nf3 {[%clk 1:31:23]} Nc6 {[%clk
1:31:17]} 3. d4 {[%clk 1:31:47]} cxd4 {[%clk 1:31:44]} 4. Nxd4 {[%clk 1:32:16]}
Nf6 {[%clk 1:32:09]} 5. Nc3 {[%clk 1:32:28]} d6 {[%clk 1:32:36]} 6. Bg5 {[%clk
1:30:32]} Qb6 {[%clk 1:33:02]} 7. Nb3 {[%clk 1:25:59]} e6 {[%clk 1:33:30]} 8. Be2
{[%clk 1:16:49]} Be7 {[%clk 1:33:28]} 9. O-O {[%clk 1:14:06]} O-O {[%clk
1:33:54]} 10. Be3 {[%clk 1:12:43]} Qc7 {[%clk 1:33:38]} 11. f4 {[%clk 1:07:00]}
Rd8 {[%clk 1:23:16]} 12. Qe1 {[%clk 0:56:56]} a6 {[%clk 1:15:50]} 13. Qf2 {[%clk
0:43:07]} Nd7 {[%clk 1:10:16]} 14. a4 {[%clk 0:37:50]} b6 {[%clk 1:07:22]} 15. f5
{[%clk 0:25:40]} Nc5 {[%clk 0:56:15]} 16. Qg3 {[%clk 0:20:59]} Nxb3 {[%clk
0:44:37]} 17. cxb3 {[%clk 0:18:04]} Kh8 {[%clk 0:40:12]} 18. fxe6 {[%clk
0:13:23]} Bxe6 {[%clk 0:39:04]} 19. Bc4 {[%clk 0:12:43]} Bf6 {[%clk 0:33:06]} 20.
Nd5 {[%clk 0:10:15]} Bxd5 {[%clk 0:33:32]} 21. Bxd5 {[%clk 0:10:38]} Rac8 {[%clk
0:22:04]} 22. Kh1 {[%clk 0:02:16]} Ne5 {[%clk 0:15:47]} 23. Rac1 {[%clk 0:02:20]}
Qa7 {[%clk 0:15:42]} 24. a5 {[%clk 0:02:02]} Rb8 {[%clk 0:12:29]} 25. axb6 {[%clk
0:02:30]} Qd7 {[%clk 0:11:07]} 26. h3 {[%clk 0:02:35]} Qb5 {[%clk 0:10:36]} 27.
Rfe1 {[%clk 0:01:31]} Qb4 {[%clk 0:10:06]} 28. Red1 {[%clk 0:01:47]} Qb5 {[%clk
0:08:03]} 29. b7 {[%clk 0:01:28]} Rxb7 {[%clk 0:05:19]} 30. Bxb7 {[%clk 0:01:42]}
Qxb7 {[%clk 0:05:48]} 31. Bg5 {[%clk 0:01:14]} Bxg5 {[%clk 0:05:26]} 32. Qxg5
{[%clk 0:01:43]} f6 {[%clk 0:05:55]} 33. Qe3 {[%clk 0:02:11]} h6 {[%clk 0:05:42]}
34. Rd5 {[%clk 0:02:25]} Nf7 {[%clk 0:05:15]} 35. Qc3 {[%clk 0:02:39]} Kg8 {[%clk
0:04:38]} 36. b4 {[%clk 0:02:14]} Qb6 {[%clk 0:04:30]} 37. Qd4 {[%clk 0:02:34]}
Qb7 {[%clk 0:04:34]} 38. Qc4 {[%clk 0:02:31]} Qb6 {[%clk 0:04:36]} 39. b5 {[%clk
0:02:44]} axb5 {[%clk 0:04:26]} 40. Rxb5 {[%clk 0:03:12]} Qe3 {[%clk 0:04:25]}
41. Rb7 {[%clk 0:03:14]} Rf8 {[%clk 0:04:40]} 42. Ra1 {[%clk 0:03:40]} Qg3 {[%clk
0:04:42]} 43. b4 {[%clk 0:02:20]} Qe5 {[%clk 0:05:01]} 44. Ra8 {[%clk 0:02:14]}
d5 {[%clk 0:05:00]} 45. Rxf8+ {[%clk 0:02:26]} Kxf8 {[%clk 0:05:29]} 46. Qc8+
{[%clk 0:02:38]} Qe8 {[%clk 0:05:54]} 47. Qxe8+ {[%clk 0:03:01]} Kxe8 {[%clk
0:06:23]} 48. exd5 {[%clk 0:03:30]} g5 {[%clk 0:06:42]} 49. Rb6 {[%clk 0:03:44]}
Ke7 {[%clk 0:07:07]} 50. Re6+ {[%clk 0:04:13]} Kd7 {[%clk 0:07:31]} 51. Rxf6
{[%clk 0:04:36]} Ne5 {[%clk 0:07:59]} 52. Rxh6 {[%clk 0:05:04]} g4 {[%clk
0:08:21]} 53. Re6 {[%clk 0:05:21]} Nd3 {[%clk 0:08:43]} 54. hxg4 {[%clk 0:05:33]}
Nxb4 {[%clk 0:09:06]} 55. Kh2 {[%clk 0:05:18]} Nxd5 {[%clk 0:09:32]} 56. Re1
{[%clk 0:05:43]} Nf6 {[%clk 0:09:56]} 57. Kg3 {[%clk 0:06:05]} Nh7 {[%clk
0:10:22]} 58. Kf4 {[%clk 0:06:27]} Nf8 {[%clk 0:10:44]} 59. Kf5 {[%clk 0:06:56]}
Kd6 {[%clk 0:11:09]} 60. g5 {[%clk 0:07:20]} Nh7 {[%clk 0:11:23]} 61. g6 {[%clk
0:07:33]} 1-0

[Event "U14 Polish Youth Championship"]
[Site "chess24.com"]
[Date "2018.05.03"]
[Round "6"]
[White "Poltorak, Sebastian"]
[Black "Ochedzan, Tymon"]
[Result "1-0"]
[Board "7"]
[WhiteElo "1705"]
[WhiteCountry "POL"]
[WhiteFideId "1199498"]
[WhiteEloChange "18"]
[BlackElo "2047"]
[BlackTitle "CM"]
[BlackCountry "POL"]
[BlackFideId "21810389"]
[BlackEloChange "-18"]

1. d4 {[%clk 1:30:56]} Nf6 {[%clk 1:30:56]} 2. c4 {[%clk 1:31:18]} g6 {[%clk
1:31:21]} 3. Nc3 {[%clk 1:31:45]} Bg7 {[%clk 1:31:43]} 4. e4 {[%clk 1:32:11]} d6
{[%clk 1:32:00]} 5. f3 {[%clk 1:32:35]} O-O {[%clk 1:31:43]} 6. Nge2 {[%clk
1:33:02]} c5 {[%clk 1:29:56]} 7. d5 {[%clk 1:33:28]} e6 {[%clk 1:25:14]} 8. Ng3
{[%clk 1:34:11]} exd5 {[%clk 1:23:40]} 9. cxd5 {[%clk 1:34:27]} h5 {[%clk
1:23:04]} 10. Bg5 {[%clk 1:34:46]} Nbd7 {[%clk 1:20:58]} 11. Be2 {[%clk 1:34:17]}
a6 {[%clk 1:18:05]} 12. a4 {[%clk 1:34:11]} b6 {[%clk 1:15:16]} 13. Nf1 {[%clk
1:31:39]} Ne5 {[%clk 1:10:11]} 14. Ne3 {[%clk 1:30:25]} Qe8 {[%clk 1:08:13]} 15.
O-O {[%clk 1:27:13]} Rb8 {[%clk 1:06:08]} 16. Kh1 {[%clk 1:14:43]} b5 {[%clk
1:03:31]} 17. axb5 {[%clk 1:14:55]} axb5 {[%clk 1:03:53]} 18. Ra7 {[%clk
1:09:08]} b4 {[%clk 0:47:17]} 19. Nb1 {[%clk 1:08:54]} Rb7 {[%clk 0:38:07]} 20.
Ra8 {[%clk 1:06:51]} Qd7 {[%clk 0:37:29]} 21. Nd2 {[%clk 1:03:34]} Qc7 {[%clk
0:30:11]} 22. h3 {[%clk 1:01:44]} Ra7 {[%clk 0:26:54]} 23. Rxa7 {[%clk 1:00:50]}
Qxa7 {[%clk 0:27:21]} 24. Ndc4 {[%clk 1:00:18]} Qc7 {[%clk 0:24:53]} 25. Nxe5
{[%clk 0:57:34]} dxe5 {[%clk 0:25:19]} 26. Bb5 {[%clk 0:51:26]} Bd7 {[%clk
0:22:33]} 27. Bxd7 {[%clk 0:49:30]} Nxd7 {[%clk 0:22:16]} 28. Nc4 {[%clk
0:39:00]} Ra8 {[%clk 0:17:02]} 29. Be3 {[%clk 0:33:24]} Ra2 {[%clk 0:11:50]} 30.
f4 {[%clk 0:35:33]} Bh6 {[%clk 0:15:37]} 31. Qb3 {[%clk 0:34:28]} Ra8 {[%clk
0:12:56]} 32. fxe5 {[%clk 0:32:41]} Bxe3 {[%clk 0:12:13]} 33. Qxe3 {[%clk
0:33:05]} Nxe5 {[%clk 0:11:06]} 34. Qf4 {[%clk 0:21:43]} f6 {[%clk 0:10:38]} 35.
d6 {[%clk 0:17:53]} Qg7 {[%clk 0:09:56]} 36. Qd2 {[%clk 0:17:13]} Rd8 {[%clk
0:07:24]} 37. Nxe5 {[%clk 0:17:29]} fxe5 {[%clk 0:07:47]} 38. Qd5+ {[%clk
0:17:50]} Kh8 {[%clk 0:07:46]} 39. Rf7 {[%clk 0:17:49]} Rxd6 {[%clk 0:06:16]} 40.
Qa8+ {[%clk 0:18:13]} Kh7 {[%clk 0:05:46]} 41. Rxg7+ {[%clk 0:18:35]} Kxg7 {[%clk
0:06:13]} 42. Qa7+ {[%clk 0:18:22]} Kf6 {[%clk 0:06:16]} 43. Qxc5 {[%clk
0:18:48]} Rd4 {[%clk 0:06:38]} 44. Qc2 {[%clk 0:18:25]} Kg5 {[%clk 0:06:23]} 45.
g3 {[%clk 0:18:14]} Kf6 {[%clk 0:06:00]} 46. Kg2 {[%clk 0:18:30]} Kg5 {[%clk
0:05:57]} 47. Kf3 {[%clk 0:18:52]} Kf6 {[%clk 0:06:17]} 48. Ke3 {[%clk 0:18:56]}
Kg5 {[%clk 0:05:24]} 49. Qc5 {[%clk 0:19:11]} Kf6 {[%clk 0:05:50]} 50. Qf8+
{[%clk 0:19:37]} Ke6 {[%clk 0:05:29]} 51. Qg7 {[%clk 0:19:56]} Kd6 {[%clk
0:05:36]} 52. Qxg6+ {[%clk 0:20:21]} Kc5 {[%clk 0:06:01]} 53. Qxh5 {[%clk
0:20:41]} Kc4 {[%clk 0:06:28]} 54. Qxe5 {[%clk 0:20:57]} Rd3+ {[%clk 0:06:55]}
55. Ke2 {[%clk 0:21:19]} b3 {[%clk 0:06:59]} 56. Qe6+ {[%clk 0:21:32]} Kb4 {[%clk
0:07:17]} 57. Kxd3 {[%clk 0:21:56]} Kc5 {[%clk 0:07:43]} 58. Qd5+ {[%clk
0:22:06]} Kb4 {[%clk 0:08:02]} 59. Qc4+ {[%clk 0:22:27]} Ka5 {[%clk 0:08:26]} 60.
Qxb3 {[%clk 0:22:51]} Ka6 {[%clk 0:08:49]} 61. Qb8 {[%clk 0:23:11]} Ka5 {[%clk
0:09:13]} 62. Kc4 {[%clk 0:23:32]} Ka6 {[%clk 0:09:36]} 63. Kc5 {[%clk 0:23:59]}
Ka5 {[%clk 0:10:03]} 64. Qa8# {[%clk 0:24:24]} 1-0